Možnosti riadenia finančných rizík v systéme štátnej pokladnice

Jedným z najdôležitejších cieľov riadenia finančných rizík v štátnej pokladnici je minimalizácia nákladov na obsluhu štátneho dlhu pri akceptovateľnej miere rizika a predchádzanie možným finančným stratám, ktoré by mali negatívny vplyv na príjmovú a výdavkovú časť štátneho rozpočtu. Základné prístup...

ver descrição completa

Na minha lista:
Detalhes bibliográficos
Autor principal: Šmál, Miroslav
Formato: Capítulo de Livro
Idioma:eslovaco
Assuntos:
Tags: Adicionar Tag
Sem tags, seja o primeiro a adicionar uma tag!

MARC

LEADER 00000nla$a2200000$$$4500
001 0120317
005 20240502072341.1
041 0 |a slo 
044 |a SK 
245 1 0 |a Možnosti riadenia finančných rizík v systéme štátnej pokladnice  |c Miroslav Šmál 
520 |a Jedným z najdôležitejších cieľov riadenia finančných rizík v štátnej pokladnici je minimalizácia nákladov na obsluhu štátneho dlhu pri akceptovateľnej miere rizika a predchádzanie možným finančným stratám, ktoré by mali negatívny vplyv na príjmovú a výdavkovú časť štátneho rozpočtu. Základné prístupy k riadeniu finančných rizík využívané v krajinách OECD. Riziká v systéme štátnej pokladnice. Vybrané nástroje riadenia finančných rizík v systéme štátnej pokladnice používané v súčasnosti. 
610 2 0 |a rozpočet štátny 
610 2 0 |a pokladnica štátna 
610 2 0 |a riziko finančné 
610 2 0 |a riadenie rizík 
100 1 |a Šmál, Miroslav